000 00600nam a2200229Ia 4500
005 20260429112130.0
008 260429s9999||||xx |||||||||||||| ||und||
020 _a9789367139929
041 _aEnglish
082 _a541.28
_bENG
100 _aEngel, Thomas
245 0 _aPhysical chemistry quantum chemistry and spectroscopy /
_cThomas Engel
250 _a4th ed.
260 _aNoida :
_bPearson,
_c2026.
300 _axii, 543 p.; pbk
650 _a Quantum
650 _a Spectroscopy
650 _aChemistry
700 _a Angerhofer, Alex
700 _a Hehre, Warren
942 _cTB
999 _c52516
_d52516